Loading...
| Current Events | 1 | 10.00 | 100% | 0% | 0% |
| Fine Arts - Classical Music | 5 | 8.00 | 80% | 0% | 0% |
| Fine Arts - Other | 5 | 14.00 | 100% | 0% | 40% |
| Fine Arts - Painting and Sculpture | 6 | 8.33 | 50% | 33% | 0% |
| History - American | 6 | 13.33 | 83% | 50% | 0% |
| History - European | 5 | 10.00 | 80% | 20% | 0% |
| History - Other | 2 | 15.00 | 100% | 50% | 0% |
| History - World | 5 | 12.00 | 60% | 60% | 0% |
| Literature - American | 2 | 15.00 | 100% | 50% | 0% |
| Literature - British | 4 | 5.00 | 50% | 0% | 0% |
| Literature - European | 5 | 8.00 | 80% | 0% | 0% |
| Literature - World | 1 | 0.00 | 0% | 0% | 0% |
| Mythology | 1 | 10.00 | 100% | 0% | 0% |
| Other Academic | 1 | 0.00 | 0% | 0% | 0% |
| Philosophy | 4 | 5.00 | 50% | 0% | 0% |
| Pop Culture | 1 | 20.00 | 100% | 100% | 0% |
| Religion | 4 | 7.50 | 75% | 0% | 0% |
| Science - Biology | 2 | 10.00 | 50% | 50% | 0% |
| Science - Chemistry | 1 | 10.00 | 100% | 0% | 0% |
| Science - Other | 3 | 6.67 | 67% | 0% | 0% |
| Science - Physics | 2 | 10.00 | 100% | 0% | 0% |
| Social Science | 7 | 10.00 | 86% | 14% | 0% |